000 00456nam a22001817a 4500
003 CEME
005 20210628201737.0
008 210201b xxu||||| |||| 00| 0 eng d
020 _a0-340-79629-4
040 _c.
082 _a823.008 BLY
100 _aBlyton, Enid
_911689
245 _aThe famous five:five on a secret trail
260 _aNEW YORK
_bHODDER
_c2001
300 _a236P
650 _aENGLISH LITERATURE-FICTION
_91857
942 _cBK
_2ddc
999 _c567007
_d567007